000 02061na a2200325 4500
001 22752
003 MIRAKIL
005 20181213154944.0
008 170224b tu 000 0
035 _a20792
040 _aMilas
_btur
_cTR-AnCHP
041 _atur
082 _aCHP 370.9561
_bE35 [2000-
090 _aCHP 370.9561 E35 [2000-
091 _aEĞİTİM-1
245 _a[Eğitime ilişkin CHP politikaları ile ilgili çeşitli belgeler]
_c[hazırlayan] CHP
440 _aCumhuriyet Halk Partisi yayınları
_pRaporlar
505 _a1)Eğitim sistemi tartışmaları CHP ne öngörüyor: 1+8+4/ CHP Araştırma, Bilim ve Yönetim Platformu politika notları- 2) Türkiye Bilimler Akademisi AKP kıskacında: Türkiye'de kurumsal ve bilimsel özerkliğin tahribatı/ CHP Araştırma, Bilim ve Yönetim Platformu politika notları - 3) CHP iktidarında öğretmen/ Şahin Aybek - 4) Milli Eğitim Bakanı Hüseyin çelik yönetimindeki Talim ve Terbiye Kurulu Başkanlığı tarafından çıkarılan programlarda ve bazı ders kitaplarına yer alan bazı sözleri dikkate alarak kitap özeti ve basın toplantısı/Nusret Alperen
610 _aCHP
_xRaporlar
_yEğitim
610 _aCHP
_xEğitim sorunları
_yÇözüm önerileri
610 _aCHP
_xEğitim politikaları
740 _aMilli Eğitim Bakanı Hüseyin çelik yönetimindeki Talim ve Terbiye Kurulu Başkanlığı tarafından çıkarılan programlarda ve bazı ders kitaplarına yer alan bazı sözleri dikkate alarak kitap özeti ve basın toplantısı/Nusret Alperen
740 _aCHP iktidarında öğretmen/ Şahin Aybek
740 _aTürkiye Bilimler Akademisi AKP kıskacında: Türkiye'de kurumsal ve bilimsel özerkliğin tahribatı/ CHP Araştırma, Bilim ve Yönetim Platformu politika notları
740 _aEğitim sistemi tartışmaları CHP ne öngörüyor: 1+8+4/ CHP Araştırma, Bilim ve Yönetim Platformu politika notları
740 _aCHP eğitim politikaları
830 _aCHP raporları
942 _2dcc
_cBKS
999 _c3812
_d3812